00234 a2200121 4500001000700000020000600007040001100013100002000024240002800044245002300072300000800095362000900103183284 a  cMagnum aSampaio, Elvira10aViver ciè‚ncias 6lpor10aViver ciè‚ncias 6 a1920 a1990